Didáctica de la Educación Física

Guardat en:
Dades bibliogràfiques
Autor principal: González Arévalo, Carlos (coordinador)
Altres autors: Lleixà Arribas, Teresa (coordinadora)
Format: Llibre
Idioma:espanyol
Publicat: Barcelona, España: Graó, 2010.
Edició:1a. edición
Col·lecció:Formación del Profesorado. Educación Secundaria, Educación Física,
Matèries:
Etiquetes: Afegir etiqueta
Sense etiquetes, Sigues el primer a etiquetar aquest registre!

MARC

LEADER 00000cam a2200000 a 4500
001 UCF0859
003 CL-VaPUC
005 20231109073947.0
008 120614e20100000SP |||||||||||||||||spa|d
020 |a 9788478279845 
040 |c Pontificia Universidad Católica de Valparaíso 
082 0 4 |a 796.077 GON 2010  |2 21 
100 |a González Arévalo, Carlos  |e coordinador  |9 590474 
245 1 0 |a Didáctica de la Educación Física 
250 |a 1a. edición  
260 |a Barcelona, España:  |b Graó,  |c 2010. 
300 |a 158 páginas  
490 0 |a Formación del Profesorado. Educación Secundaria, Educación Física,   |n 4-2 
583 |a last modification  |c 20130325 03:43:26  |k Rodrigo Vera 
650 0 |a Educación física  |9 240893 
650 0 |a Métodos de enseñanza  |9 270413 
650 0 |a Innovaciones pedagógicas  |9 307471 
650 0 |a Planificación del currículo  |9 269599 
700 |a Lleixà Arribas, Teresa  |e coordinadora  |9 590475 
942 |c BK  |2 ddc 
945 |d 20120614 00:00:00  |a cmena 
999 |c 347957  |d 347955 
952 |0 0  |1 0  |4 0  |6 796_077000000000000_GON_2010  |7 0  |8 A  |9 449773  |a BIBEDU  |b BIBEDU  |d 2019-11-22  |i 4877098  |o 796.077 GON 2010  |p 4877098  |r 2019-11-22  |w 2019-11-22  |y BK  |k EFI 
952 |0 0  |1 0  |4 0  |6 796_077000000000000_GON_2010  |7 0  |8 A  |9 449774  |a BIBEDU  |b BIBEDU  |d 2019-11-22  |i 4886216  |o 796.077 GON 2010  |p 4886216  |r 2019-11-22  |w 2019-11-22  |y BK  |k EFI 
952 |0 0  |1 0  |4 0  |6 796_077000000000000_GON_2010  |7 0  |8 A  |9 449775  |a BIBEDU  |b BIBEDU  |d 2019-11-22  |i 4886224  |o 796.077 GON 2010  |p 4886224  |r 2019-11-22  |w 2019-11-22  |y BK  |k EFI 
952 |0 0  |1 0  |4 0  |6 796_077000000000000_GON_2010  |7 0  |8 A  |9 449776  |a BIBEDU  |b BIBEDU  |d 2019-11-22  |i 4886232  |l 1  |o 796.077 GON 2010  |p 4886232  |r 2024-03-27  |s 2024-03-20  |w 2019-11-22  |y BK  |k EFI 
952 |0 0  |1 0  |4 0  |6 796_077000000000000_GON_2010  |7 0  |8 A  |9 449777  |a BIBEDU  |b BIBEDU  |d 2019-11-22  |i 4886240  |o 796.077 GON 2010  |p 4886240  |r 2019-11-22  |w 2019-11-22  |y BK  |k EFI 
952 |0 0  |1 0  |2 ddc  |4 0  |6 796_077000000000000_GON_2010  |7 0  |8 A  |9 585597  |a BIBEDU  |b BIBEDU  |c GEN  |d 2022-07-29  |e 1  |g 12550.00  |i 5653632  |o 796.077 GON 2010  |p 5653632  |r 2022-07-29  |t 6  |v 12550.00  |w 2022-07-29  |y BK  |k EFI 
952 |0 0  |1 0  |2 ddc  |4 0  |6 796_077000000000000_GON_2010  |7 0  |8 A  |9 585598  |a BIBEDU  |b BIBEDU  |c GEN  |d 2022-07-29  |e 1  |g 12550.00  |i 5653633  |o 796.077 GON 2010  |p 5653633  |r 2022-07-29  |t 7  |v 12550.00  |w 2022-07-29  |y BK  |k EFI 
952 |0 0  |1 0  |2 ddc  |4 0  |6 796_077000000000000_GON_2010  |7 0  |8 A  |9 585599  |a BIBEDU  |b BIBEDU  |c GEN  |d 2022-07-29  |e 1  |g 12550.00  |i 5653634  |o 796.077 GON 2010  |p 5653634  |r 2022-07-29  |t 8  |v 12550.00  |w 2022-07-29  |y BK  |k EFI 
952 |0 0  |1 0  |2 ddc  |4 0  |6 796_077000000000000_GON_2010  |7 0  |8 A  |9 585600  |a BIBEDU  |b BIBEDU  |c GEN  |d 2022-07-29  |e 1  |g 12550.00  |i 5653635  |o 796.077 GON 2010  |p 5653635  |r 2022-07-29  |t 9  |v 12550.00  |w 2022-07-29  |y BK  |k EFI 
952 |0 0  |1 0  |2 ddc  |4 0  |6 796_077000000000000_GON_2010  |7 0  |8 A  |9 588352  |a BIBEDU  |b BIBEDU  |c GEN  |d 2022-12-19  |e 3  |g 28248.00  |i 5656145  |o 796.077 GON 2010  |p 5656145  |r 2022-12-19  |t 10  |v 28248.00  |w 2022-12-19  |y BK  |k EFI